<?xml version="1.0" encoding="UTF-8"?>
<record
    xmlns:xsi="http://www.w3.org/2001/XMLSchema-instance"
    xsi:schemaLocation="http://www.loc.gov/MARC21/slim http://www.loc.gov/standards/marcxml/schema/MARC21slim.xsd"
    xmlns="http://www.loc.gov/MARC21/slim">

  <leader>02263njm a2200397Ia 4500</leader>
  <controlfield tag="001">25632</controlfield>
  <controlfield tag="003">IT-RoPAU</controlfield>
  <controlfield tag="005">20220918181210.0</controlfield>
  <controlfield tag="008">131025s9999    xx            000 0 und d</controlfield>
  <datafield tag="040" ind1=" " ind2=" ">
    <subfield code="a">IT-RoPAU</subfield>
  </datafield>
  <datafield tag="040" ind1=" " ind2=" ">
    <subfield code="c">IT-RoPAU</subfield>
  </datafield>
  <datafield tag="041" ind1=" " ind2=" ">
    <subfield code="a">ITALIANO</subfield>
  </datafield>
  <datafield tag="999" ind1=" " ind2=" ">
    <subfield code="c">103696</subfield>
    <subfield code="d">103696</subfield>
  </datafield>
  <datafield tag="999" ind1=" " ind2=" ">
    <subfield code="b">n.d.</subfield>
  </datafield>
  <datafield tag="100" ind1=" " ind2=" ">
    <subfield code="a">AA.VV.</subfield>
    <subfield code="9">794</subfield>
  </datafield>
  <datafield tag="100" ind1=" " ind2=" ">
    <subfield code="e">Autore musica</subfield>
    <subfield code="9">12800</subfield>
  </datafield>
  <datafield tag="100" ind1=" " ind2=" ">
    <subfield code="g">Codice autore musica SPICS: 12000</subfield>
    <subfield code="9">796</subfield>
  </datafield>
  <datafield tag="245" ind1=" " ind2=" ">
    <subfield code="a">Ritratto di... Marcella</subfield>
  </datafield>
  <datafield tag="250" ind1=" " ind2=" ">
    <subfield code="a">1a ed.</subfield>
  </datafield>
  <datafield tag="260" ind1=" " ind2=" ">
    <subfield code="a">MILANO</subfield>
  </datafield>
  <datafield tag="260" ind1=" " ind2=" ">
    <subfield code="b">RECORD BAZAAR</subfield>
    <subfield code="c">1976 [1a Ed.:1976]</subfield>
  </datafield>
  <datafield tag="300" ind1=" " ind2=" ">
    <subfield code="a">DISCO</subfield>
  </datafield>
  <datafield tag="500" ind1=" " ind2=" ">
    <subfield code="a">Canzone italiana sentimentale</subfield>
  </datafield>
  <datafield tag="505" ind1=" " ind2=" ">
    <subfield code="a">Montagne verdi - Un sorriso e poi perdonami - Sole che nasce sole che muore - Mi... ti... amo - L'anima dei matti - L'avvenire - Negro - Nessuno mai - Questa &#xE8; la verit&#xE0; - Resta cu'mme - Albergo a ore - Mi fa morire cantando</subfield>
  </datafield>
  <datafield tag="511" ind1=" " ind2=" ">
    <subfield code="a">Direttore d'orchestra: Monaldi Franco</subfield>
  </datafield>
  <datafield tag="650" ind1=" " ind2=" ">
    <subfield code="a">CANZONE ITALIAN [DISCHI]</subfield>
    <subfield code="e">Codice MATERIA SPICS: 9950</subfield>
    <subfield code="9">12801</subfield>
  </datafield>
  <datafield tag="700" ind1=" " ind2=" ">
    <subfield code="a">Bella Marcella</subfield>
    <subfield code="g">Codice interprete SPICS: 11561</subfield>
    <subfield code="e">Interprete</subfield>
    <subfield code="9">12802</subfield>
  </datafield>
  <datafield tag="700" ind1=" " ind2=" ">
    <subfield code="a">Bella Gianni</subfield>
    <subfield code="g">Codice autore musica SPICS: 13859</subfield>
    <subfield code="e">Autore musica</subfield>
    <subfield code="p">Montagne verdi - Un sorriso e poi perdonami - Sole che nasce sole che muore - Mi... ti... amo - L'anima dei matti - L'avvenire - Negro - Nessuno mai - Questa &#xE8; la verit&#xE0;</subfield>
    <subfield code="9">12803</subfield>
  </datafield>
  <datafield tag="700" ind1=" " ind2=" ">
    <subfield code="a">Bigazzi Giancarlo</subfield>
    <subfield code="g">Codice autore testo/musica SPICS: 13839</subfield>
    <subfield code="e">Autore testo/musica</subfield>
    <subfield code="p">Montagne verdi - Un sorriso e poi perdonami - Sole che nasce sole che muore - Mi... ti... amo - L'anima dei matti - L'avvenire - Negro - Nessuno mai - Questa &#xE8; la verit&#xE0;</subfield>
    <subfield code="9">12804</subfield>
  </datafield>
  <datafield tag="700" ind1=" " ind2=" ">
    <subfield code="a">Modugno Domenico</subfield>
    <subfield code="g">Codice autore testo/musica SPICS: 12142</subfield>
    <subfield code="e">Autore testo/musica</subfield>
    <subfield code="p">Resta cu'mme</subfield>
    <subfield code="9">12805</subfield>
  </datafield>
  <datafield tag="700" ind1=" " ind2=" ">
    <subfield code="a">Brassen</subfield>
    <subfield code="g">Codice autore musica SPICS: 16093</subfield>
    <subfield code="e">Autore musica</subfield>
    <subfield code="p">Albergo a ore</subfield>
    <subfield code="9">12806</subfield>
  </datafield>
  <datafield tag="700" ind1=" " ind2=" ">
    <subfield code="a">Pagani H.</subfield>
    <subfield code="g">Codice autore testo/musica SPICS: 14309</subfield>
    <subfield code="e">Autore testo/musica</subfield>
    <subfield code="p">Albergo a ore</subfield>
    <subfield code="9">12807</subfield>
  </datafield>
  <datafield tag="700" ind1=" " ind2=" ">
    <subfield code="a">Calabrese Giorgio</subfield>
    <subfield code="g">Codice autore musica SPICS: 1368</subfield>
    <subfield code="e">Autore musica</subfield>
    <subfield code="p">Mi fa morire cantando</subfield>
    <subfield code="9">12808</subfield>
  </datafield>
  <datafield tag="700" ind1=" " ind2=" ">
    <subfield code="a">Gimbel Norman</subfield>
    <subfield code="g">Codice autore SPICS: 14452</subfield>
    <subfield code="e">Autore</subfield>
    <subfield code="p">Mi fa morire cantando</subfield>
    <subfield code="9">12809</subfield>
  </datafield>
  <datafield tag="700" ind1=" " ind2=" ">
    <subfield code="a">Fox Charles</subfield>
    <subfield code="g">Codice autore testo/musica SPICS: 18917</subfield>
    <subfield code="e">Autore testo/musica</subfield>
    <subfield code="p">Mi fa morire cantando</subfield>
    <subfield code="9">12810</subfield>
  </datafield>
  <datafield tag="942" ind1=" " ind2=" ">
    <subfield code="c">MD</subfield>
    <subfield code="2">ddc</subfield>
  </datafield>
  <datafield tag="952" ind1=" " ind2=" ">
    <subfield code="0">0</subfield>
    <subfield code="1">0</subfield>
    <subfield code="4">0</subfield>
    <subfield code="6">25632_000000000000000</subfield>
    <subfield code="7">1</subfield>
    <subfield code="a">SPICS</subfield>
    <subfield code="b">SPICS</subfield>
    <subfield code="d">2013-10-25</subfield>
    <subfield code="l">0</subfield>
    <subfield code="o">25632</subfield>
    <subfield code="r">2013-10-25 00:00:00</subfield>
    <subfield code="w">2013-10-25</subfield>
    <subfield code="y">MD</subfield>
    <subfield code="z">Progr. Ins.: 5506 / N.Vol.: 1 / Copie: 1 - Copia rara: n.d. / date import: 01.01.2014 - By Epidotti, Trombetti, Vaglietti</subfield>
  </datafield>
</record>
